000 01407nam a22001577a 4500
041 _aukr
080 _a09
090 _bДРА
100 _aДраганчук Г.А.
245 _aЛексико-стилістичні засоби вираження образного простору поезії Джорджа Гордона Байрона
260 _aОстрог
_bКАФ
_c2010
300 _a55
520 _aВСТУП РОЗДІЛ 1 ФУНКЦІОНАЛЬНИЙ АНАЛІЗ ПОЕТИЧНИХ ТЕКСТІВ 1.1 Функціональні особливості поезії. 1.2 Лексичний аналіз поетичних текстів. 1.3 Стилістичний аналіз поетичних текстів. РОЗДІЛ 2 ЛЕКСИКО-СТИЛІСТИЧНІ ЗАСОБИ У ПОЕЗІЇ ДЖОРДЖА ГОРДОНА БАЙРОНА 2.1 Фонетичні засоби. 2.1.1 Асонанс. 2.1.2 Алітерація. 2.2 Лексико-стилістичні засоби. 2.2.1 Синоніми. 2.2.2 Антоніми. 2.2.3 Фразеологічні одиниці. РОЗДІЛ 3 МЕТАФОРИЧНИЙ ПРОСТІР У ПОЕЗІЇ ДЖОРДЖА ГОРДОНА БАЙРОНА 3.1 Метафори. 3.2 Епітети. 3.3 Гіпербола. ВИСНОВКИ
_0поетичний текст, Дж.Г.Байрон
650 _aResearch Papers
999 _c284327
_d284327
942 _cBK